ბათუმის შოთა რუსთაველის სახელმწიფო უნივერსიტეტის ბიბლიოთეკა

Grammatik Lehren Und Lernen:Fernstudieneinheit 1 (ბიბ.ჩანაწერი № 51267)

000 -LEADER
fixed length control field 00625nam a2200229Ia 4500
001 - CONTROL NUMBER
control field 18229
003 - CONTROL NUMBER IDENTIFIER
control field GE_BSU
008 - FIXED-LENGTH DATA ELEMENTS--GENERAL INFORMATION
fixed length control field 181216s||||||||xx |||||||||||||| ||und||
020 ## - INTERNATIONAL STANDARD BOOK NUMBER
International Standard Book Number 9783126065153
040 ## - CATALOGING SOURCE
Transcribing agency GE_BSU
080 ## - UNIVERSAL DECIMAL CLASSIFICATION NUMBER
Universal Decimal Classification number 811.112
100 ## - MAIN ENTRY--PERSONAL NAME
Personal name Hermann Funk , M. Koenig
245 ## - TITLE STATEMENT
Title Grammatik Lehren Und Lernen:Fernstudieneinheit 1
260 ## - PUBLICATION, DISTRIBUTION, ETC.
Place of publication, distribution, etc. Berlin
260 ## - PUBLICATION, DISTRIBUTION, ETC.
Name of publisher, distributor, etc. langenscheidt
260 ## - PUBLICATION, DISTRIBUTION, ETC.
Date of publication, distribution, etc. 1991
300 ## - PHYSICAL DESCRIPTION
Extent 160 pages,27cm
653 ## - INDEX TERM--UNCONTROLLED
Uncontrolled term Grammatik Lehren Und Lernen:Fernstudieneinheit 1
653 ## - INDEX TERM--UNCONTROLLED
Uncontrolled term გერმანული ენა (გრამატიკა)
942 ## - ADDED ENTRY ELEMENTS (KOHA)
Koha item type წიგნი
ეგზემპლარები
Withdrawn status Lost status Damaged status Not for loan Date acquired Barcode Date last seen Price effective from Koha item type
        2018-12-17 46433 2018-12-17 2018-12-17 წიგნი